Relaciones interpersonales, conflicto y manejo emocional : el cambio de turno en el trabajo /
Trabajo de obtención de grado que, desde la perspectiva del Desarrollo Humano, estudia las condiciones laborales de enfermeras que tienen que cambiar de turno, sobre todo cuando se encuentran en el área de atención neonatal. Esta rotación, que de por sí es difícil, genera conflictos entre el persona...
Guardat en:
| Autor principal: | |
|---|---|
| Format: | Thesis Llibre |
| Idioma: | espanyol |
| Publicat: |
Guadalajara, México :
edición de autor,
2019
|
| Matèries: | |
| Accés en línia: | Ver documento en línea |
| Etiquetes: |
Sense etiquetes, Sigues el primer a etiquetar aquest registre!
|
MARC
| LEADER | 00000nam^a2200000^a^4500 | ||
|---|---|---|---|
| 001 | 000427052 | ||
| 005 | 20251023000000.0 | ||
| 009 | 20260310122758.927 | ||
| 037 | |a Acervo ITESO - Biblioteca | ||
| 041 | |a ESP | ||
| 090 | |a MDH. 236 | ||
| 100 | |a Tejeda González, Beatriz |e (autor) | ||
| 245 | 1 | 0 | |a Relaciones interpersonales, conflicto y manejo emocional : |b el cambio de turno en el trabajo / |c B. Tejeda González. |
| 264 | 1 | |a Guadalajara, México : |b edición de autor, |c 2019 | |
| 300 | |a 1 tesis electrónica en línea (122 p.) | ||
| 300 | |a 1 recurso en línea | ||
| 336 | |a datos para computadora |b cod |2 rdacontenido | ||
| 337 | |a computadora |b c |2 rdamedio | ||
| 338 | |a recurso en línea |b cr |2 rdasoporte | ||
| 502 | |a ITESO Tesis de Maestría en Desarrollo Humano | ||
| 520 | |a Trabajo de obtención de grado que, desde la perspectiva del Desarrollo Humano, estudia las condiciones laborales de enfermeras que tienen que cambiar de turno, sobre todo cuando se encuentran en el área de atención neonatal. Esta rotación, que de por sí es difícil, genera conflictos entre el personal; esta tesis reporta una intervención de grupo desde el enfoque centrado en la persona con la finalidad de crear las condiciones que permitieran el mejoramiento de las relaciones interpersonales. | ||
| 649 | |a XX | ||
| 650 | |a Enfermeros - |x Condiciones Laborales | ||
| 650 | |a Mujeres - |x Condiciones Laborales | ||
| 650 | |a Comunicación Personal | ||
| 650 | |a Conflicto (Relaciones Personales) - |x Tema Principal | ||
| 650 | |a Clima Organizacional | ||
| 650 | |a Emoción - |x Aspectos Sociales y Culturales | ||
| 650 | |a Valores | ||
| 650 | |a Axiología | ||
| 650 | |a Terapia Centrada en la Persona | ||
| 650 | |a Desarrollo Humano - |x Tema Principal | ||
| 650 | |a Psicología Clínica | ||
| 856 | 4 | 0 | |u https://rei.iteso.mx/handle/11117/6438 |y Ver documento en línea |
| 910 | |a Fondo General | ||
| 920 | |a Electrónicos - Tesis del ITESO en Línea | ||
| 930 | |a Repositorio Institucional | ||
| 905 | |a 201 | ||
| 901 | |a 427052-1 |b IT2 |c ETI |u 20250521 | ||
| 902 | |a https://opac.biblio.iteso.mx/vufind/Record/000427052 | ||